000 00435nam a2200169Ia 4500
003 GCL
008 140319s9999 xx 000 0 eng d
040 _aGCL /
_cGCL
082 0 4 _a636.089
_bH V
100 1 _aHALL, L.W.
245 1 0 _aVETERINARY ANAESTHESIA /
_cHALL, L.W.
700 1 _aCLARKE, K.W.
260 _a[S.N] :
_bELBS BAILLIERE TINDALL ،
_c1991
300 _a410 P
650 0 4 _aVETERINARY - ANETHESIA
942 _2ddc
_cBK
999 _c20591
_d20591